000
00165nam a2200097Ia 4500
100
_a
#N/A
942
_c
BK
245
_a
Mindware
260
_b
#N/A
546
_a
ENGLISH
999
_c
21583
_d
21583